000 00756nam a2200265 i 4500
001 C2-0247988
003 PPAK
005 20180727212406.0
008 030408s2003 my a|||| ||||| | may d
020 _a9679415287
040 _aPPAK
_beng
_cPPAK
_erda
082 0 4 _a899.231
_223
090 0 0 _a899.231
_bMAZ
_dK
100 0 _aMazinah Haji Yusof,
_eauthor
245 1 0 _aBurung Nuri terbang tinggi
264 1 _aPetaling Jaya, Selangor :
_bOscar Book International ,
_c2003
300 _a30 pages :
_billustrations ;
_c21 cm
336 _2rdacontent
_atext
337 _2rdamedia
_aunmediated
338 _2rdacarrier
_avolume
490 1 _aSiri pantun kanak-kanak
650 1 0 _aMalay poetry
830 0 _aSiri pantun kanak-kanak
942 _ddc
_cB
999 _c61738
_d61738